FC Barcelona 2010s Starting XI - Statistics

General Stats
  • This quiz has been taken 70,416 times
    69,607 since last reset
  • The average score is 21 of 31
Answer Stats
Player % Correct
Lionel Messi
99%
Luis Suarez
97%
Neymar
97%
Marc-André ter Stegen
94%
Andrés Iniesta
91%
Xavi
90%
Gérard Piqué
88%
Ivan Rakitic
85%
Sergio Busquets
84%
Dani Alves
83%
Zlatan Ibrahimović
80%
Carles Puyol
79%
Victor Valdés
79%
Jordi Alba
78%
Javier Mascherano
75%
David Villa
73%
Arturo Vidal
72%
Claudio Bravo
71%
Alexis Sanchez
70%
Pedro
65%
Samuel Umtiti
65%
Philippe Coutinho
55%
Sergi Roberto
54%
Clément Lenglet
53%
Eric Abidal
53%
André Gomes
33%
Cesc Fabregas
33%
Paulinho
33%
Seydou Keita
32%
Maxwell
26%
Adriano
22%
No matching quizzes found
Score Distribution
Percent of People with Each Score
Percentile by Number Answered
Your Score History
You have not taken this quiz since the last reset